000 00289nam a22001337a 4500
008 170406b xxu||||| |||| 00| 0 eng d
020 _a9780781725859
041 _aeng
080 _23RD
_a611.089
100 _a9
101 _aSHM
245 _aHISTOLOGY
_cGARTNER, L.P
942 _2udc
_cBK
999 _c10049
_d10049